[Event "Doeberl Cup 61st"]
[Site "Canberra"]
[Date "2024.03.30"]
[Round "6"]
[White "Venkatesh, Marani Rajendran"]
[Black "Mitrabha, Guha"]
[Result "1/2-1/2"]
[WhiteElo "2382"]
[BlackElo "2526"]
[PlyCount "61"]
[EventDate "2024.03.28"]
[EventType "swiss"]
[EventRounds "9"]
[EventCountry "AUS"]
[SourceTitle "CB14_2024"]
[SourceDate "2024.04.01"]
[SourceVersion "1"]
[SourceVersionDate "2024.04.01"]
[SourceQuality "1"]

1. e4 e6 2. d4 d5 3. Nd2 a6 4. Ngf3 c5 5. dxc5 Bxc5 6. Nb3 Bb6 7. exd5 exd5 8. Bg5 Nf6 9. Qe2+ Be6 10. Nfd4 Qe7 11. 0-0-0 Nc6 12. Nxe6 fxe6 13. g3 Qf7 14. Bxf6 Qxf6 15. Rxd5 0-0 16. Rd6 Qxf2 17. Rxe6 Nd4 18. Qxf2 Nxb3+ 19. axb3 Bxf2 20. Bg2 Rab8 21. Rd1 b6 22. c3 a5 23. Bd5 Kh8 24. Bc6 Bc5 25. Rde1 g6 26. R1e2 Kg7 27. Kc2 Rf7 28. Be8 Rf3 29. Bc6 Rf7 30. Be8 Rf3 31. Bc6 1/2-1/2

[Event "Doeberl Cup 61st"]
[Site "Canberra"]
[Date "2024.03.29"]
[Round "4"]
[White "Venkatesh, Marani Rajendran"]
[Black "McNamara, Gary John"]
[Result "1-0"]
[WhiteElo "2382"]
[BlackElo "2021"]
[PlyCount "81"]
[EventDate "2024.03.28"]
[EventType "swiss"]
[EventRounds "9"]
[EventCountry "AUS"]
[SourceTitle "CB14_2024"]
[SourceDate "2024.04.01"]
[SourceVersion "1"]
[SourceVersionDate "2024.04.01"]
[SourceQuality "1"]

1. Nf3 Nf6 2. g3 d5 3. Bg2 c6 4. d3 Bg4 5. Nbd2 Nbd7 6. h3 Bh5 7. 0-0 e5 8. e4 dxe4 9. dxe4 Bc5 10. Qe1 0-0 11. Nc4 Re8 12. Bd2 b5 13. Na5 Qc7 14. b4 Bf8 15. c4 bxc4 16. Nxc4 c5 17. b5 Nb6 18. Ba5 Nfd7 19. Nfd2 Qb7 20. a4 a6 21. Nxb6 Nxb6 22. g4 Bg6 23. Qe2 Nxa4 24. bxa6 Qc6 25. Qc4 Nb6 26. Bxb6 Qxb6 27. Rfb1 Qd6 28. Ra2 Ra7 29. Qb5 Rea8 30. Nc4 Qe6 31. Rba1 f6 32. Ne3 Bf7 33. Nd5 h5 34. Bf3 hxg4 35. hxg4 Qd6 36. Be2 Rb8 37. Qa5 Rb4 38. Nxb4 cxb4 39. Rd1 Qc6 40. Rd8 Qxe4 41. Qc5 1-0

[Event "Basel Christmas op"]
[Site "Basel"]
[Date "2023.12.30"]
[Round "8"]
[White "Venkatesh, Marani Rajendran"]
[Black "Hasenohr, Benedict"]
[Result "1-0"]
[WhiteElo "2417"]
[BlackElo "2318"]
[PlyCount "68"]
[EventDate "2023.12.26"]
[EventType "swiss"]
[EventRounds "9"]
[EventCountry "SUI"]
[SourceTitle "CB02_2024"]
[SourceDate "2024.01.10"]
[SourceVersion "1"]
[SourceVersionDate "2024.01.10"]
[SourceQuality "1"]

1. Nf3 d5 2. g3 Nf6 3. Bg2 c6 4. 0-0 Bf5 5. d3 h6 6. Nbd2 e6 7. b3 a5 8. a3 Bc5 9. Bb2 0-0 10. Qe1 Bh7 11. e4 Qe7 12. h3 Nbd7 13. Kh2 Rad8 14. Nh4 g5 15. Nhf3 Rfe8 16. e5 Nh5 17. Qe2 f5 18. exf6 Nhxf6 19. Ne5 Nxe5 20. Qxe5 Rf8 21. Nf3 Bd6 22. Qc3 Rde8 23. Ne5 Qc7 24. Rae1 c5 25. Qd2 d4 26. Nc4 b6 27. b4 axb4 28. axb4 e5 29. c3 e4 30. cxd4 cxd4 31. Rc1 exd3 32. Ne5 Qb8 33. f4 gxf4 34. gxf4 Kh8 1-0

[Event "Qatar Masters op"]
[Site "Doha"]
[Date "2023.10.17"]
[Round "6"]
[White "Mayank, Chakraborty"]
[Black "Venkatesh, Marani Rajendran"]
[Result "1-0"]
[WhiteElo "2333"]
[BlackElo "2428"]
[PlyCount "179"]
[EventDate "2023.10.11"]
[EventType "swiss"]
[EventRounds "9"]
[EventCountry "QAT"]
[SourceTitle "Mega2024 Update 01"]
[Source "Chessbase"]
[SourceDate "2023.11.12"]
[SourceVersion "1"]
[SourceVersionDate "2023.11.12"]
[SourceQuality "1"]

1. d4 Nf6 2. c4 Nc6 3. Nf3 e6 4. g3 Bb4+ 5. Nbd2 0-0 6. Bg2 Re8 7. 0-0 Bf8 8. Nb1 d5 9. Nc3 Na5 10. cxd5 exd5 11. Bg5 c6 12. Qa4 Be7 13. Ne5 Ng4 14. Bxe7 Rxe7 15. Nxg4 Bxg4 16. e4 dxe4 17. Bxe4 Bh3 18. Rfe1 g6 19. d5 Qb6 20. Bd3 Rae8 21. Rxe7 Rxe7 22. Qh4 Qxb2 23. Rd1 Qxc3 24. Qxe7 cxd5 25. Qh4 Be6 26. Qf4 Nc6 27. Qd2 Qxd2 28. Rxd2 Kf8 29. f4 Ke7 30. Kf2 Kd6 31. Be2 h5 32. Bf3 b5 33. f5 gxf5 34. Bxh5 a5 35. Be2 b4 36. h4 Ke5 37. Bb5 Ne7 38. Re2+ Kf6 39. Ke3 Ng6 40. Kd4 f4 41. Rf2 Ke7 42. gxf4 Nxh4 43. Kc5 Nf5 44. Kb6 d4 45. Kxa5 b3 46. axb3 Bxb3 47. Kb4 Be6 48. Kc5 Kf6 49. Bd3 Bc8 50. Bxf5 Bxf5 51. Kxd4 Be6 52. Rg2 Bb3 53. Rg5 Bc2 54. Rc5 Bb1 55. Ke3 Bg6 56. Kf3 Bd3 57. Rd5 Bc2 58. Kg4 Bb3 59. Rf5+ Kg6 60. Rg5+ Kf6 61. Rc5 Bd1+ 62. Kh4 Bb3 63. Kg3 Bd1 64. Kf2 Bg4 65. Ke3 Bh3 66. Rc2 Bd7 67. Rc7 Bh3 68. Rc5 Bg2 69. Rc2 Bh3 70. Kf3 Bd7 71. Rc7 Bh3 72. Rc5 Bf1 73. Rc1 Bd3 74. Ke3 Bg6 75. Rc6+ Kf5 76. Ra6 Bh7 77. Kf3 Bg6 78. Ra5+ Kf6 79. Kg4 Bd3 80. f5 Bb1 81. Kf4 Bc2 82. Ra6+ Kg7 83. Kg5 Be4 84. Rb6 Bd3 85. f6+ Kh7 86. Rb3 Bg6 87. Rh3+ Kg8 88. Kf4 Bc2 89. Rh2 Bg6 90. Ke5 1-0

[Event "Qatar Masters op"]
[Site "Doha"]
[Date "2023.10.15"]
[Round "5"]
[White "Venkatesh, Marani Rajendran"]
[Black "Dushyant, Sharma"]
[Result "1-0"]
[WhiteElo "2428"]
[BlackElo "2339"]
[PlyCount "63"]
[EventDate "2023.10.11"]
[EventType "swiss"]
[EventRounds "9"]
[EventCountry "QAT"]
[SourceTitle "Mega2024 Update 01"]
[Source "Chessbase"]
[SourceDate "2023.11.12"]
[SourceVersion "1"]
[SourceVersionDate "2023.11.12"]
[SourceQuality "1"]

1. Nf3 d5 2. g3 Nc6 3. d3 e5 4. Bg2 Be6 5. Nc3 f6 6. e4 d4 7. Ne2 Qd7 8. c3 dxc3 9. bxc3 Bh3 10. 0-0 h5 11. d4 0-0-0 12. Qa4 Kb8 13. Bxh3 Qxh3 14. Rb1 Nce7 15. dxe5 h4 16. exf6 Nxf6 17. Bf4 Nc8 18. Qc6 Nd6 19. Bxd6 Qc8 20. Bf4 Nh5 21. Be3 Rd6 22. Qa4 b6 23. Ned4 a6 24. e5 Rg6 25. Nxh4 Nf4 26. Bxf4 Rxh4 27. e6 Bc5 28. Nc6+ Ka8 29. Rbd1 Rh8 30. Rd7 b5 31. Qe4 Qb7 32. Rxc7 1-0

[Event "Qatar Masters op"]
[Site "Doha"]
[Date "2023.10.12"]
[Round "2"]
[White "Aaryan, Varshney"]
[Black "Venkatesh, Marani Rajendran"]
[Result "1/2-1/2"]
[WhiteElo "2339"]
[BlackElo "2428"]
[PlyCount "96"]
[EventDate "2023.10.11"]
[EventType "swiss"]
[EventRounds "9"]
[EventCountry "QAT"]
[SourceTitle "Mega2024 Update 01"]
[Source "Chessbase"]
[SourceDate "2023.11.12"]
[SourceVersion "1"]
[SourceVersionDate "2023.11.12"]
[SourceQuality "1"]

1. d4 Nf6 2. c4 e6 3. Nf3 Bb4+ 4. Bd2 Qe7 5. g3 Nc6 6. Nc3 Bxc3 7. Bxc3 Ne4 8. Rc1 0-0 9. Bg2 Nxc3 10. Rxc3 a5 11. 0-0 d6 12. d5 Nb4 13. a3 Na6 14. dxe6 fxe6 15. Nd4 e5 16. Nb5 Rf6 17. Rc1 c6 18. Nc3 Bf5 19. Na4 Nc7 20. b4 e4 21. Nc3 axb4 22. axb4 Qe5 23. Qd2 Na6 24. Na4 Re8 25. f4 exf3 26. exf3 Qe3+ 27. Qxe3 Rxe3 28. b5 Nb4 29. Rfe1 Rfe6 30. Rxe3 Rxe3 31. f4 Ra3 32. Nb6 Nd3 33. Rd1 Rb3 34. Na8 Bg4 35. Ra1 Nb4 36. Nb6 h5 37. h3 Bf5 38. Ra8+ Kh7 39. g4 hxg4 40. hxg4 Bxg4 41. Be4+ g6 42. Ra7 Kh6 43. Rxb7 cxb5 44. cxb5 Nd3 45. Bxd3 Rxd3 46. Nd7 Bxd7 47. Rxd7 Rb3 48. Rxd6 Rxb5 1/2-1/2

[Event "IND-ch 60th"]
[Site "Pune"]
[Date "2023.08.23"]
[Round "8"]
[White "Ram, S Krishnan"]
[Black "Venkatesh, Marani Rajendran"]
[Result "1/2-1/2"]
[WhiteElo "1941"]
[BlackElo "2434"]
[PlyCount "104"]
[EventDate "2023.08.16"]
[EventType "swiss"]
[EventRounds "11"]
[EventCountry "IND"]
[SourceTitle "EXT 2024"]
[Source "ChessBase"]
[SourceDate "2023.10.10"]
[SourceVersion "1"]
[SourceVersionDate "2023.10.10"]
[SourceQuality "1"]

1. Nf3 Nf6 2. c4 e6 3. d4 Bb4+ 4. Bd2 a5 5. g3 d5 6. Bg2 Nc6 7. a3 Be7 8. 0-0 0-0 9. Qc2 Ne4 10. Rd1 f5 11. Be1 Bf6 12. Nc3 Ne7 13. c5 b6 14. b4 bxc5 15. bxc5 Nc6 16. Rab1 Ba6 17. e3 Qe8 18. Bf1 Bxf1 19. Kxf1 Qh5 20. Kg2 g5 21. Ne2 Bg7 22. Qa4 Nd8 23. Rb3 e5 24. Nfg1 exd4 25. exd4 Qg6 26. f3 Nf6 27. Re3 Qf7 28. Qc2 Qd7 29. Nh3 Ne6 30. c6 Qc8 31. Rxe6 Qxe6 32. Nxg5 Qe7 33. Nf4 Ng4 34. fxg4 Qxg5 35. Qb3 fxg4 36. Qxd5+ Qxd5+ 37. Nxd5 Rae8 38. Nf4 Bxd4 39. Bxa5 Be5 40. Rd7 Rf7 41. Nd5 Re6 42. h3 Rf3 43. hxg4 Rxg3+ 44. Kf2 Rh6 45. Ne7+ Kf8 46. Bb4 Rh2+ 47. Kf1 Rh1+ 48. Kf2 Rh2+ 49. Kf1 Rf3+ 50. Kg1 Kf7 51. Nf5+ Kg6 52. Re7 Rfh3 1/2-1/2

[Event "IND-ch 60th"]
[Site "Pune"]
[Date "2023.08.22"]
[Round "7"]
[White "Iniyan, Panneerseluam"]
[Black "Venkatesh, Marani Rajendran"]
[Result "1-0"]
[WhiteElo "2502"]
[BlackElo "2434"]
[PlyCount "69"]
[EventDate "2023.08.16"]
[EventType "swiss"]
[EventRounds "11"]
[EventCountry "IND"]
[SourceTitle "EXT 2024"]
[Source "ChessBase"]
[SourceDate "2023.10.10"]
[SourceVersion "1"]
[SourceVersionDate "2023.10.10"]
[SourceQuality "1"]

1. d4 Nf6 2. c4 e6 3. Nc3 d5 4. Bg5 Be7 5. e3 h6 6. Bh4 0-0 7. Nf3 Nbd7 8. Rc1 c5 9. dxc5 dxc4 10. c6 bxc6 11. Bxc4 Nd5 12. Bxe7 Qxe7 13. 0-0 Bb7 14. Qe2 Rab8 15. Rfd1 Rfd8 16. h3 Qb4 17. a3 Qa5 18. Ne4 c5 19. Nd6 Bc6 20. e4 Nf4 21. Qe3 Ng6 22. Nxf7 Kxf7 23. Rd6 Bb5 24. Bxe6+ Ke7 25. Bxd7 Kxd6 26. Rd1+ Ke7 27. Qxc5+ Kf7 28. Rd6 Ne7 29. Qh5+ Kg8 30. Rxh6 gxh6 31. Be6+ Kg7 32. Qf7+ Kh8 33. Qf6+ Kh7 34. Qxe7+ Kh8 35. Ne5 1-0

[Event "Kavala op 32nd"]
[Site "Kavala"]
[Date "2023.08.04"]
[Round "9"]
[White "Raahul, VS."]
[Black "Venkatesh, Marani Rajendran"]
[Result "0-1"]
[WhiteElo "2346"]
[BlackElo "2434"]
[PlyCount "82"]
[EventDate "2023.07.28"]
[EventType "swiss"]
[EventRounds "9"]
[EventCountry "GRE"]
[SourceTitle "CBM 215 Extra"]
[Source "ChessBase"]
[SourceDate "2023.09.30"]
[SourceVersion "1"]
[SourceVersionDate "2023.09.30"]
[SourceQuality "1"]

1. d4 Nf6 2. c4 e6 3. Nc3 Bb4 4. e3 b6 5. Bd2 Bb7 6. Nf3 0-0 7. Bd3 Bxc3 8. Bxc3 Ne4 9. Bxe4 Bxe4 10. d5 exd5 11. Qd4 f6 12. cxd5 Re8 13. Nd2 Bg6 14. h4 Bf7 15. g4 c5 16. Qd3 d6 17. f4 Qc8 18. Kf2 Qa6 19. Qxa6 Nxa6 20. e4 c4 21. Bd4 Nb4 22. Rag1 Rac8 23. h5 Nd3+ 24. Kf3 Nxb2 25. g5 c3 26. g6 cxd2 27. gxf7+ Kxf7 28. Bxb2 Rc4 29. e5 dxe5 30. fxe5 fxe5 31. h6 gxh6 32. Ke2 Rd8 33. Rxh6 Rxd5 34. Rxh7+ Ke6 35. Rh6+ Kf5 36. Kd1 Rb5 37. Rf1+ Ke4 38. Rh4+ Kd5 39. Rxc4 Kxc4 40. Kc2 Rxb2+ 41. Kxb2 Kd3 0-1

[Event "Kavala op 32nd"]
[Site "Kavala"]
[Date "2023.07.29"]
[Round "2"]
[White "Venkatesh, Marani Rajendran"]
[Black "Ipek, Egehan"]
[Result "0-1"]
[WhiteElo "2434"]
[BlackElo "2249"]
[PlyCount "148"]
[EventDate "2023.07.28"]
[EventType "swiss"]
[EventRounds "9"]
[EventCountry "GRE"]
[SourceTitle "CBM 215 Extra"]
[Source "ChessBase"]
[SourceDate "2023.09.30"]
[SourceVersion "1"]
[SourceVersionDate "2023.09.30"]
[SourceQuality "1"]

1. Nf3 d5 2. g3 Nf6 3. Bg2 c6 4. 0-0 Nbd7 5. d3 e5 6. Nbd2 Bd6 7. e4 0-0 8. c3 Re8 9. Qc2 b6 10. Re1 dxe4 11. dxe4 Ba6 12. b4 c5 13. Qa4 Bd3 14. Re3 c4 15. Qd1 Ng4 16. Rxd3 cxd3 17. h3 Ngf6 18. Nc4 Bf8 19. Qxd3 Qc7 20. Bb2 Red8 21. Qe2 Rac8 22. Ncd2 a5 23. a3 Qc6 24. Bf1 axb4 25. cxb4 Qc2 26. Rb1 h6 27. Ne1 Qc6 28. Rd1 Bd6 29. Qf3 Nf8 30. Bc4 Bb8 31. Nd3 Ne6 32. Ba6 Ng5 33. Qe2 Rc7 34. Bxe5 Re7 35. Rc1 Qxc1+ 36. Nxc1 Rxd2 37. Qxd2 Nf3+ 38. Kg2 Nxd2 39. Bxb8 Ndxe4 40. Ne2 Re8 41. Bc7 Nd5 42. Bf4 Nxf4+ 43. Nxf4 Nc3 44. Kf3 Ra8 45. b5 Rd8 46. Ke3 Kf8 47. Nd3 Nd5+ 48. Ke4 Nc7 49. Nb4 Rd2 50. a4 Ke7 51. f4 Rb2 52. Nc6+ Kd6 53. Bb7 Ra2 54. Ne5 Ne6 55. Nxf7+ Ke7 56. Bd5 Rxa4+ 57. Ke5 Nf8 58. Nh8 Rb4 59. Bc6 Rb3 60. g4 Rxh3 61. Kf5 Rc3 62. Ng6+ Nxg6 63. Kxg6 Rg3 64. g5 hxg5 65. fxg5 Ke6 66. Be8 Ke5 67. Bc6 Kf4 68. Kxg7 Kxg5 69. Kf7 Kf5 70. Ke7 Ke5 71. Kd7 Rg7+ 72. Kc8 Kd6 73. Kb8 Kc5 74. Ka8 Rc7 0-1

[Event "La Plagne Soleil op"]
[Site "La Plagne"]
[Date "2023.07.12"]
[Round "7"]
[White "Venkatesh, Marani Rajendran"]
[Black "Maurizzi, Marc Andria"]
[Result "0-1"]
[WhiteElo "2443"]
[BlackElo "2556"]
[PlyCount "82"]
[EventDate "2023.07.08"]
[EventType "swiss"]
[EventRounds "9"]
[EventCountry "FRA"]
[SourceTitle "CBM 215 Extra"]
[Source "ChessBase"]
[SourceDate "2023.09.30"]
[SourceVersion "1"]
[SourceVersionDate "2023.09.30"]
[SourceQuality "1"]

1. e4 c5 2. Nc3 Nc6 3. Bb5 Nd4 4. Bc4 e6 5. Nge2 Nf6 6. 0-0 a6 7. a4 d5 8. exd5 exd5 9. Ba2 Bd6 10. d3 Ne6 11. f4 Nc7 12. Ng3 0-0 13. a5 Bg4 14. Qd2 Re8 15. Na4 h5 16. h3 h4 17. hxg4 hxg3 18. Qd1 Ne6 19. g5 Nd4 20. Nc3 c4 21. gxf6 Bc5 22. Kh1 Qxf6 23. Qh5 Qf5 24. Qxf5 Nxf5 25. Na4 Bd4 26. c3 Bf2 27. Bd2 Re6 28. Rxf2 gxf2 29. g4 Rae8 30. Kg2 Re1 31. Rxe1 fxe1Q 32. Bxe1 Rxe1 33. dxc4 Ra1 34. gxf5 Rxa2 35. Nb6 Rxb2+ 36. Kf3 dxc4 37. Ke4 Rb5 38. Nxc4 Rc5 39. Nd6 Rxc3 40. Nxb7 Rc7 41. Nd6 Rc5 0-1

[Event "Titled Tuesday intern op 13th Jun Early"]
[Site "Chess.com INT"]
[Date "2023.06.13"]
[Round "4"]
[White "Fudalej, Michal"]
[Black "Venkatesh, Marani Rajendran"]
[Result "0-1"]
[WhiteElo "2188"]
[BlackElo "2469"]
[PlyCount "74"]
[EventDate "2023.06.13"]
[EventType "swiss (blitz)"]
[EventRounds "11"]
[EventCountry "USA"]
[SourceTitle "EXT 2024"]
[Source "ChessBase"]
[SourceDate "2023.10.10"]
[SourceVersion "1"]
[SourceVersionDate "2023.10.10"]
[SourceQuality "1"]

1. Nf3 Nf6 2. g3 g6 3. Bg2 Bg7 4. c4 0-0 5. Nc3 c5 6. d4 cxd4 7. Nxd4 Nc6 8. c5 Ne8 9. Nxc6 bxc6 10. Bxc6 Rb8 11. Bg2 Qa5 12. 0-0 Qxc5 13. Rb1 Nc7 14. Be3 Qa5 15. Bd4 d6 16. Bxg7 Kxg7 17. Qd4+ f6 18. Rfd1 Ne6 19. Qe3 Re8 20. a3 Qc5 21. Qd2 Bb7 22. b4 Qh5 23. Nd5 Ng5 24. Rbc1 Nh3+ 25. Kf1 Rbc8 26. Rxc8 Rxc8 27. Nxe7 Bxg2+ 28. Kxg2 Re8 29. Qxd6 Qxe2 30. Kxh3 Rxe7 31. Rd4 Qf1+ 32. Kg4 h5+ 33. Kf3 Qh1+ 34. Kf4 g5+ 35. Kf5 Qf3+ 36. Rf4 Qd3+ 37. Qxd3 Re5# 0-1

[Event "Titled Tuesday intern op 13th Jun Early"]
[Site "Chess.com INT"]
[Date "2023.06.13"]
[Round "5"]
[White "Venkatesh, Marani Rajendran"]
[Black "De la Villa Garcia, Jesus Maria"]
[Result "0-1"]
[WhiteElo "2469"]
[BlackElo "2449"]
[PlyCount "90"]
[EventDate "2023.06.13"]
[EventType "swiss (blitz)"]
[EventRounds "11"]
[EventCountry "USA"]
[SourceTitle "EXT 2024"]
[Source "ChessBase"]
[SourceDate "2023.10.10"]
[SourceVersion "1"]
[SourceVersionDate "2023.10.10"]
[SourceQuality "1"]

1. Nf3 d5 2. g3 Nc6 3. Bg2 e5 4. d3 Be6 5. Nbd2 f6 6. e4 Bc5 7. c3 Nge7 8. 0-0 0-0 9. b4 Bb6 10. a4 a6 11. Bb2 Kh8 12. b5 Na5 13. Ba3 Re8 14. Qc2 Qd7 15. c4 dxc4 16. dxc4 Rad8 17. c5 Ba7 18. Bb4 b6 19. c6 Qd3 20. Rfc1 Nc8 21. Ra3 Qxc2 22. Rxc2 Nd6 23. Bf1 axb5 24. axb5 Kg8 25. Nh4 g6 26. Ng2 Kf7 27. Ne3 f5 28. Nec4 Bxc4 29. Nxc4 Ndxc4 30. Bxc4+ Kf6 31. Bd5 fxe4 32. Bxe4 Rd4 33. Bxa5 bxa5 34. Re2 Bb6 35. Rf3+ Kg7 36. Bc2 Rb4 37. Re4 Rxb5 38. Rd3 Re7 39. Rd7 Rxd7 40. cxd7 Rd5 41. Rxe5 Rxd7 42. Ba4 Rd2 43. Re7+ Kf6 44. Re8 Kf7 45. Rh8 Rxf2 0-1

[Event "Titled Tuesday intern op 13th Jun Early"]
[Site "Chess.com INT"]
[Date "2023.06.13"]
[Round "11"]
[White "Venkatesh, Marani Rajendran"]
[Black "Wagner, Dennis"]
[Result "0-1"]
[WhiteElo "2469"]
[BlackElo "2598"]
[PlyCount "30"]
[EventDate "2023.06.13"]
[EventType "swiss (blitz)"]
[EventRounds "11"]
[EventCountry "USA"]
[SourceTitle "EXT 2024"]
[Source "ChessBase"]
[SourceDate "2023.10.10"]
[SourceVersion "1"]
[SourceVersionDate "2023.10.10"]
[SourceQuality "1"]

1. e4 c5 2. Nc3 d6 3. d4 cxd4 4. Qxd4 Nc6 5. Qd2 Nf6 6. b3 e6 7. Bb2 d5 8. exd5 exd5 9. 0-0-0 Be6 10. f4 Bb4 11. Qd3 d4 12. Ne4 Nxe4 13. Qxe4 Qa5 14. Kb1 Bc3 15. Nf3 0-0-0 0-1

[Event "Maharashtra op 2nd"]
[Site "Nagpur"]
[Date "2023.06.04"]
[Round "5"]
[White "Goutham Krishna, H."]
[Black "Venkatesh, Marani Rajendran"]
[Result "1/2-1/2"]
[WhiteElo "2176"]
[BlackElo "2469"]
[PlyCount "134"]
[EventDate "2023.06.01"]
[EventType "swiss"]
[EventRounds "11"]
[EventCountry "IND"]
[SourceTitle "CBM 214 Extra"]
[Source "ChessBase"]
[SourceDate "2023.07.31"]
[SourceVersion "1"]
[SourceVersionDate "2023.07.31"]
[SourceQuality "1"]

1. Nf3 Nf6 2. d4 e6 3. c4 d5 4. Nc3 Bb4 5. cxd5 exd5 6. Bf4 Ne4 7. Rc1 c5 8. dxc5 Nc6 9. Nd2 Nxc5 10. e3 0-0 11. a3 Bxc3 12. bxc3 Qa5 13. Bd6 Rd8 14. Bxc5 Qxc5 15. a4 Bd7 16. Bd3 g6 17. 0-0 Ne5 18. Nb3 Qb6 19. a5 Qc7 20. a6 bxa6 21. Bxa6 Rab8 22. Nd4 Rb6 23. Qe2 Rdb8 24. Qa2 Ng4 25. g3 Ne5 26. Rc2 Qc5 27. Ra1 h5 28. h4 Bg4 29. Bf1 R8b7 30. Qa5 Qxa5 31. Rxa5 Rb1 32. Kg2 Re1 33. Rb5 Rxb5 34. Bxb5 Ra1 35. Rb2 a5 36. f3 Be6 37. Nc2 Rc1 38. Nd4 Rxc3 39. Ra2 Rxe3 40. Rxa5 Kg7 41. Ra6 Kf6 42. Kf2 Rc3 43. Ke2 Nc4 44. Bd7 Re3+ 45. Kf2 Ke7 46. Bxe6 fxe6 47. Rc6 Rd3 48. Nxe6 Ne5 49. Rb6 Rxf3+ 50. Kg2 Rc3 51. Nf4 Rc2+ 52. Kf1 Kf7 53. Rb7+ Kf6 54. Nxd5+ Ke6 55. Ne3 Rc3 56. Ke2 Ra3 57. Rc7 Ra2+ 58. Rc2 Rxc2+ 59. Nxc2 Kf5 60. Ne3+ Ke4 61. Nd1 Nc6 62. Nf2+ Kf5 63. Kf3 Nd4+ 64. Kg2 Ne2 65. Kf3 Nd4+ 66. Kg2 Ne2 67. Kf3 Nd4+ 1/2-1/2

[Event "Lienz op 21st"]
[Site "Lienz"]
[Date "2023.02.18"]
[Round "9"]
[White "Sandipan, Chanda"]
[Black "Venkatesh, Marani Rajendran"]
[Result "0-1"]
[WhiteElo "2453"]
[BlackElo "2452"]
[PlyCount "108"]
[EventDate "2023.02.11"]
[EventType "swiss"]
[EventRounds "9"]
[EventCountry "AUT"]
[SourceTitle "CBM 212 Extra"]
[Source "ChessBase"]
[SourceDate "2023.03.31"]
[SourceVersion "1"]
[SourceVersionDate "2023.03.31"]
[SourceQuality "1"]

1. d4 Nf6 2. c4 Nc6 3. Nf3 e6 4. a3 d6 5. Nc3 g6 6. b4 Bg7 7. Bb2 0-0 8. e3 e5 9. Be2 Qe7 10. Nd5 Nxd5 11. cxd5 Nb8 12. dxe5 dxe5 13. 0-0 Rd8 14. e4 c6 15. Qb3 cxd5 16. exd5 Nd7 17. d6 Qe8 18. Ng5 Nb6 19. Rad1 Bd7 20. b5 h6 21. Ne4 Rac8 22. Qb4 Rc2 23. Bd3 Rcc8 24. a4 Be6 25. Rfe1 f5 26. Nc5 Rxc5 27. Qxc5 Nxa4 28. Qa3 Nxb2 29. Qxb2 e4 30. Qe2 Bc3 31. Rf1 exd3 32. Rxd3 Bf6 33. Re1 Kf7 34. Ra3 Rxd6 35. Rxa7 Qd7 36. h3 Qc7 37. Qe3 Qb6 38. Qxb6 Rxb6 39. Rc1 Be5 40. Ra5 Bd7 41. g3 Kf6 42. Rb1 f4 43. g4 h5 44. f3 Bd4+ 45. Kg2 Be3 46. Rd1 Ke6 47. Ra4 Bxb5 48. Re4+ Kf7 49. Rb1 Bc6 50. Rxf4+ Bxf4 51. Rxb6 h4 52. Kf2 g5 53. Ke2 Ke7 54. Rb3 Kd6 0-1